| 000 | 00978nam a2200253 a 4500 | ||
|---|---|---|---|
| 001 | BRCA_947 | ||
| 005 | 20190320203222.0 | ||
| 008 | 920410s1990 mx-a---###---#001-0dspa-# | ||
| 020 | _a9686258116 | ||
| 040 |
_aDLC _cDLC |
||
| 050 | 4 |
_aF1386 _b.C68 1990 |
|
| 100 | 1 |
_aCossío, José Lorenzo _d1864-1941 _93133 |
|
| 245 | 1 | 0 |
_aGuía retrospectiva de la Ciudad de México _cJosé L. Cossío ; textos introductorios Rafael Heliodoro Valle, Guillermo Tovar de Teresa. |
| 250 | _a2 | ||
| 260 |
_aMéxico _bSEGUMEX _c1990 |
||
| 300 |
_a175 p. _bil. (algunas a color) _c33 cm. |
||
| 500 | _aIncluye enlistado de artículos de la guía retrospectiva | ||
| 500 | _aIncluye piezas de la colección Franz Mayer: p. 10, 23, 25, 27, 45, 72, 80, 94-95, 123, 133, 141 y 142 | ||
| 651 | 4 |
_aMéxico _xDescripción y viajes _9103 |
|
| 651 | 4 |
_aMéxico _xHistoria _9614 |
|
| 700 | 1 |
_aValle, Rafael Heliodoro _d1891-1959 _93134 |
|
| 700 | 1 |
_aTovar de Teresa, Guillermo _d1956- _9559 |
|
| 942 |
_2lcc _cB |
||
| 999 |
_c836 _d836 |
||